A vevői elégedettség vizsgálata logisztikai szolgáltatások tükrében az Euro-Log Kft.-nél

Bibliográfiai részletek
Szerző: Deák Bianka
További közreműködők: Horváth Dr. Annamária
Dokumentumtípus: Diplomadolgozat
Kulcsszavak:Logisztikai szolgáltatás
Vevői elégedettség
Euro-Log Kft.
Online Access:http://dolgozattar.uni-bge.hu/420

MARC

LEADER 00000nta a2200000 i 4500
001 dolg420
005 20150916092333.0
008 150305suuuu hu om 000 hun d
040 |a BGE Dolgozattár Repozitórium  |b hun 
041 |a hu 
100 1 |a Deák Bianka 
245 1 2 |a A vevői elégedettség vizsgálata logisztikai szolgáltatások tükrében az Euro-Log Kft.-nél  |c Deák Bianka  |h [elektronikus dokumentum] 
695 |a Logisztikai szolgáltatás 
695 |a Vevői elégedettség 
695 |a Euro-Log Kft. 
700 1 |a Horváth Dr. Annamária  |e ths 
856 4 0 |u http://dolgozattar.uni-bge.hu/420/1/Szakdolgozat_De%C3%A1k%20Bianka.pdf  |z Dokumentum-elérés 
856 4 0 |u http://dolgozattar.uni-bge.hu/420/7/HivatalosBejegyzes.pdf  |z Dokumentum-elérés